000 00734nam a22001697a 4500
999 _c15105
_d15105
003 OSt
082 _2664 AKH/DE
088 _aP 340
100 _aAKHILA J. CHAND
_aRASMI JANARDHANAN
_aSANAD S
_aSANDHYA K. R
_92554
245 _aDevelopment and performance evaluation of a chapati pressing machine
260 _aTavanur 2015
_bKelappaji College of Agricultural Engineering and Technology
300 _a42
500 _aDevelopment and performance evaluation of a chapati pressing machine
520 _achapati pressing machine was developmed and fabricated which consists of a frame, power drive, power transmission mechanism and a pressing mechanism. electric motor. shaft.
700 _aDr. Prince M. V (Guide)
_92144
942 _cPR